000 00425pab a2200145 454500
008 180718b2001 xxu||||| |||| 00| 0 eng d
100 _aPillai, V.N. Rajasekharan
245 _aAssessment and accreditation of institutions by NAAC: a total analysis of the accreditation process
260 _c2001
300 _ap.40-50
362 _a3 Sep
650 _aEducational assessment
773 _aUniversity News
909 _a49961
999 _c49961
_d49961